000 00722nam a2200289Ia 4500
005 20260324115427.0
008 008 260324s9999 xx 000 0 eng d
020 _a9780429487125
037 _aEBOOK
040 _aCRL
040 _beng
040 _cCRL
041 _2eng
041 _aeng
084 _qCRL
100 _aYun Xing; LeeAnn Racz; David M. Kempisty
_91154620
245 0 _aPerfluoroalkyl Substances in the Environment
245 0 _bTheory, Practice, and Innovation
260 _bTaylor and Francis
260 _c2018
365 _a
365 _b355
856 _uhttp://www.taylorfrancis.com/books/9780429487125
942 _cEBOOK
999 _c1745497
_d1745497